Numbers and Computers (Запис № 451311)

МАРК-запис
000 -LEADER
fixed length control field 03897nam a22005535i 4500
001 - CONTROL NUMBER
control field 978-3-319-50508-4
003 - CONTROL NUMBER IDENTIFIER
control field DE-He213
005 - DATE AND TIME OF LATEST TRANSACTION
control field 20210118143851.0
007 - PHYSICAL DESCRIPTION FIXED FIELD--GENERAL INFORMATION
fixed length control field cr nn 008mamaa
008 - FIXED-LENGTH DATA ELEMENTS--GENERAL INFORMATION
fixed length control field 170209s2017 gw | s |||| 0|eng d
020 ## - INTERNATIONAL STANDARD BOOK NUMBER
International Standard Book Number 9783319505084
-- 978-3-319-50508-4
024 7# - OTHER STANDARD IDENTIFIER
Standard number or code 10.1007/978-3-319-50508-4
Source of number or code doi
050 #4 - LIBRARY OF CONGRESS CALL NUMBER
Classification number QA76.9.C62
072 #7 - SUBJECT CATEGORY CODE
Subject category code UMB
Source bicssc
072 #7 - SUBJECT CATEGORY CODE
Subject category code COM036000
Source bisacsh
072 #7 - SUBJECT CATEGORY CODE
Subject category code UMB
Source thema
072 #7 - SUBJECT CATEGORY CODE
Subject category code UYF
Source thema
082 04 - DEWEY DECIMAL CLASSIFICATION NUMBER
Classification number 004
Edition number 23
100 1# - MAIN ENTRY--PERSONAL NAME
Personal name Kneusel, Ronald T.
Relator term author.
Relator code aut
-- http://id.loc.gov/vocabulary/relators/aut
245 10 - TITLE STATEMENT
Title Numbers and Computers
Medium [electronic resource] /
Statement of responsibility, etc by Ronald T. Kneusel.
250 ## - EDITION STATEMENT
Edition statement 2nd ed. 2017.
264 #1 -
-- Cham :
-- Springer International Publishing :
-- Imprint: Springer,
-- 2017.
300 ## - PHYSICAL DESCRIPTION
Extent XIII, 346 p. 68 illus., 12 illus. in color.
Other physical details online resource.
336 ## -
-- text
-- txt
-- rdacontent
337 ## -
-- computer
-- c
-- rdamedia
338 ## -
-- online resource
-- cr
-- rdacarrier
347 ## -
-- text file
-- PDF
-- rda
505 0# - FORMATTED CONTENTS NOTE
Formatted contents note Number Systems -- Integers -- Floating Point -- Pitfalls of Floating-Point Numbers (and How to Avoid Them) -- Big Integers and Rational Arithmetic -- Fixed-Point Numbers -- Decimal Floating Point -- Interval Arithmetic -- Arbitrary Precision Floating-Point -- Other Number Systems.
520 ## - SUMMARY, ETC.
Summary, etc This is a book about numbers and how those numbers are represented in and operated on by computers. It is crucial that developers understand this area because the numerical operations allowed by computers, and the limitations of those operations, especially in the area of floating point math, affect virtually everything people try to do with computers. This book aims to fill this gap by exploring, in sufficient but not overwhelming detail, just what it is that computers do with numbers. Divided into two parts, the first deals with standard representations of integers and floating point numbers, while the second examines several other number representations. Details are explained thoroughly, with clarity and specificity. Each chapter ends with a summary, recommendations, carefully selected references, and exercises to review the key points. Topics covered include interval arithmetic, fixed-point numbers, big integers and rational arithmetic. This new edition has three new chapters: Pitfalls of Floating-Point Numbers (and How to Avoid Them), Arbitrary Precision Floating Point, and Other Number Systems. This book is for anyone who develops software including software engineers, scientists, computer science students, engineering students and anyone who programs for fun.
506 ## - RESTRICTIONS ON ACCESS NOTE
Terms governing access Available to subscribing member institutions only. Доступно лише організаціям членам підписки.
506 ## - RESTRICTIONS ON ACCESS NOTE
Standardized terminology for access restriction Online access from local network of NaUOA.
506 ## - RESTRICTIONS ON ACCESS NOTE
Standardized terminology for access restriction Online access with authorization at https://link.springer.com/
506 ## - RESTRICTIONS ON ACCESS NOTE
Standardized terminology for access restriction Онлайн-доступ з локальної мережі НаУОА.
506 ## - RESTRICTIONS ON ACCESS NOTE
Standardized terminology for access restriction Онлайн доступ з авторизацією на https://link.springer.com/
650 #0 - SUBJECT ADDED ENTRY--TOPICAL TERM
Topical term or geographic name as entry element Arithmetic and logic units, Computer.
650 #0 - SUBJECT ADDED ENTRY--TOPICAL TERM
Topical term or geographic name as entry element Numerical analysis.
650 14 - SUBJECT ADDED ENTRY--TOPICAL TERM
Topical term or geographic name as entry element Arithmetic and Logic Structures.
-- http://scigraph.springernature.com/things/product-market-codes/I12026
650 24 - SUBJECT ADDED ENTRY--TOPICAL TERM
Topical term or geographic name as entry element Numeric Computing.
-- http://scigraph.springernature.com/things/product-market-codes/I1701X
710 2# - ADDED ENTRY--CORPORATE NAME
Corporate name or jurisdiction name as entry element SpringerLink (Online service)
773 0# - HOST ITEM ENTRY
Title Springer eBooks
776 08 - ADDITIONAL PHYSICAL FORM ENTRY
Display text Printed edition:
International Standard Book Number 9783319505077
776 08 - ADDITIONAL PHYSICAL FORM ENTRY
Display text Printed edition:
International Standard Book Number 9783319505091
776 08 - ADDITIONAL PHYSICAL FORM ENTRY
Display text Printed edition:
International Standard Book Number 9783319844152
856 40 - ELECTRONIC LOCATION AND ACCESS
Uniform Resource Identifier <a href="https://doi.org/10.1007/978-3-319-50508-4">https://doi.org/10.1007/978-3-319-50508-4</a>
912 ## -
-- ZDB-2-SCS
942 ## - ADDED ENTRY ELEMENTS (KOHA)
Koha item type ЕКнига

Немає доступних примірників.